000 00697nam a2200241 i 4500
001 31242
003 ES-MaACL
005 20250829112148.0
007 t|
008 030128s1971 sp a |||| | spa d
080 _a291.37
100 1 _aBeigbeder, Olivier.
_927069
245 1 3 _aLa simbología /
_cpor Olivier Beigbeder ; [traducción de Roberto Alcázar].
250 _a1ª ed.
260 _aBarcelona :
_bOikos-Tau,
_c[1971]
300 _a126 p. :
_bil. ;
_c18 cm.
490 1 _a¿Qué sé? ;
_v17
650 4 _aSimbolismo.
_917102
700 1 _aAlcázar, Roberto.
_919533
830 0 _a¿Qué sé?
_v17
_9181382
852 _aES-MaACL
_jC-44410
999 _c31242
_d31242